000 00744 a2200265 4500
005 20251117142553.0
008 251117b |||||||| |||| 00| 0 eng d
020 _a9782917074299
041 _aFr
044 _aCIV
090 _bDG/N/3093
110 _aCentre National de Recherche Agronomique
_bCt̥e d'Ivoire
110 _bCote d'Ivoire
_aCentre National de Recherche Agronomique
245 _aLes normes agricoles du CNRA
250 _aEdition 2025
260 _aAbidjan
260 _bCNRA
260 _c2025
302 _a 50 p.
388 _a2025-11-17
650 _2AGROVOC
_gCNRA
650 _gNormes
_2AGROVOC
650 _gAgricole
_2AGROVOC
856 _uhttps://ftech.byethost7.com/wp-content/uploads/2025/11/DGN3093.pdf
999 _c5989
_d5989